Options to mitigate bottom habitat impact of dragged gears
Saved in:
| Main Authors: | , , |
|---|---|
| Format: | Bog |
| Sprog: | engelsk |
| Udgivet: |
Roma
Food and Agriculture Organization of the United Nations
2007
|
| Serier: | FAO Fisheries Technical Paper, 506
|
| Fag: | |
| Tags: |
Tilføj Tag
Ingen Tags, Vær først til at tagge denne postø!
|
MARC
| LEADER | 00000nam a2200000 a 4500 | ||
|---|---|---|---|
| 001 | UCI8175 | ||
| 003 | CL-VaPUC | ||
| 008 | 080813e20070000IT |||||||||||||||||eng|d | ||
| 020 | |a 9789251058763 | ||
| 082 | 0 | 4 | |a 639.2 |b VAL |2 21 |
| 100 | 0 | |a Valdemarsen, John |e author |9 531655 | |
| 700 | 0 | |a Jorgensen, Terje |e author |9 531656 | |
| 700 | 0 | |a Engas, Arill |e author |9 531657 | |
| 245 | 1 | 0 | |a Options to mitigate bottom habitat impact of dragged gears |
| 300 | |a 29 p | ||
| 942 | |c BK | ||
| 945 | |d 20080813 00:00:00 |a rbrito | ||
| 260 | |a Roma |b Food and Agriculture Organization of the United Nations |c 2007 | ||
| 650 | 7 | |a METODOS DE PESCA |2 CL-VaPUC |9 261501 | |
| 650 | 7 | |a PESCA COMERCIAL |2 CL-VaPUC |9 531658 | |
| 650 | 7 | |a PESCA MARITIMA |2 CL-VaPUC |9 373716 | |
| 650 | 7 | |a PESCA INDUSTRIAL |2 CL-VaPUC |9 451814 | |
| 583 | |a last modification |c 20080813 00:00:00 |k Rodrigo Vera | ||
| 490 | 0 | |a FAO Fisheries Technical Paper, 506 | |
| 999 | |c 331196 |d 331194 | ||
| 952 | |0 0 |1 0 |2 ddc |4 0 |6 639_200000000000000_VAL_2007 |7 0 |8 CCM |9 417440 |a BIBCUR |b BIBCUR |d 2019-11-22 |i 4472047 |o 639.2 VAL 2007 |p 4472047 |r 2025-04-22 |w 2019-11-22 |y BK |k CIM | ||